[Event "Nikaia op 29th"]
[Site "Nikaia"]
[Date "2022.09.03"]
[Round "3"]
[White "Karakolidis, Panagiotis"]
[Black "Geropapas, Periklis"]
[Result "0-1"]
[WhiteElo "1538"]
[BlackElo "1850"]
[PlyCount "129"]
[EventDate "2022.09.01"]
[EventType "swiss"]
[EventRounds "9"]
[EventCountry "GRE"]
[SourceTitle "CBM 210 Extra"]
[Source "ChessBase"]
[SourceDate "2022.11.30"]
[SourceVersion "1"]
[SourceVersionDate "2022.11.30"]
[SourceQuality "1"]

1. d4 d5 2. c4 c6 3. Nc3 Nf6 4. Bf4 Qb6 5. Qd2 e6 6. a3 Be7 7. e3 0-0 8. Nf3 Nbd7 9. Bd3 a5 10. 0-0 Nh5 11. Bg5 f6 12. Bh4 g5 13. Bg3 Nxg3 14. hxg3 f5 15. Rae1 g4 16. Nh4 Qd8 17. e4 dxe4 18. Nxe4 Bxh4 19. gxh4 fxe4 20. Rxe4 Nf6 21. Qg5+ Kf7 22. Rf4 Ke8 23. Bxh7 Nxh7 24. Qg6+ Kd7 25. Qxh7+ Qe7 26. Qxe7+ Kxe7 27. Rxg4 Bd7 28. Re1 Rf5 29. Rg7+ Rf7 30. Rg5 Raf8 31. f3 Rf4 32. d5 Rxh4 33. dxe6 Bxe6 34. Rge5 Rf6 35. b3 b6 36. g3 Rd4 37. f4 Kf7 38. R1e3 a4 39. bxa4 Rxc4 40. R5e4 Rc1+ 41. Kf2 Bd5 42. Re7+ Kg6 43. Rc7 Rc2+ 44. Ke1 Rf7 45. Rc8 Rh7 46. Kd1 Ra2 47. f5+ Kg5 48. Rce8 Rh1+ 49. Re1 Bb3+ 50. Kc1 Ra1+ 51. Kd2 Rhxe1 52. Rxe1 Rxe1 53. Kxe1 Kxf5 54. a5 bxa5 55. Kd2 Ke5 56. Kc3 Bf7 57. g4 Kd6 58. Kd4 c5+ 59. Kc3 a4 60. g5 Kd5 61. Kd3 Be8 62. Kc3 Bg6 63. Kb2 Kd4 64. Kc1 Kc3 65. Kd1 0-1

[Event "Petroupoli ASOP Dias Seniors op"]
[Site "Petroupoli"]
[Date "2013.03.30"]
[Round "1.2"]
[White "Geropapas, Periklis"]
[Black "Kouta, Vasiliki"]
[Result "1-0"]
[WhiteElo "1842"]
[BlackElo "1313"]
[PlyCount "71"]
[EventDate "2013.03.30"]
[EventType "swiss"]
[EventRounds "7"]
[EventCountry "GRE"]
[SourceTitle "EXT 2024"]
[Source "ChessBase"]
[SourceDate "2023.10.10"]
[SourceVersion "1"]
[SourceVersionDate "2023.10.10"]
[SourceQuality "1"]

1. c4 e6 2. Nf3 d5 3. e3 Nf6 4. d4 Be7 5. Nbd2 0-0 6. b3 b6 7. Bb2 Bb7 8. Qc2 Nbd7 9. Bd3 c5 10. 0-0 Bd6 11. Ne5 Qc7 12. f4 Ne8 13. Bxh7+ Kh8 14. Bd3 f6 15. Ng6+ Kg8 16. Nxf8 Kxf8 17. cxd5 exd5 18. Bb5 Kg8 19. Rf3 Bc8 20. Qg6 Qd8 21. Qh5 f5 22. Rh3 Kf8 23. Qxf5+ Ndf6 24. Rh8+ Ke7 25. Qg6 a6 26. dxc5 Bxc5 27. Bxf6+ gxf6 28. Rxe8+ Qxe8 29. Qxe8+ Kd6 30. Qc6+ Ke7 31. Qxa8 axb5 32. Qxc8 Bxe3+ 33. Kf1 Bxd2 34. Ke2 Bxf4 35. Kf3 Be5 36. Rd1 1-0

[Event "Petroupoli ASOP Dias Seniors op"]
[Site "Petroupoli"]
[Date "2013.03.02"]
[Round "7.3"]
[White "Kazalis, Manos"]
[Black "Geropapas, Periklis"]
[Result "0-1"]
[WhiteElo "1434"]
[BlackElo "1842"]
[PlyCount "106"]
[EventDate "2013.01.19"]
[EventType "swiss"]
[EventRounds "7"]
[EventCountry "GRE"]
[SourceTitle "EXT 2024"]
[Source "ChessBase"]
[SourceDate "2023.10.10"]
[SourceVersion "1"]
[SourceVersionDate "2023.10.10"]
[SourceQuality "1"]

1. e4 d6 2. d4 Nf6 3. Nc3 Nbd7 4. Bg5 e6 5. Bd3 Be7 6. Qd2 a6 7. h4 b5 8. Nge2 Bb7 9. f3 c5 10. dxc5 dxc5 11. Ng1 h6 12. Bxf6 Bxf6 13. f4 Bxh4+ 14. Kd1 Be7 15. e5 Nb6 16. b3 Qd7 17. Be4 Qxd2+ 18. Kxd2 0-0-0+ 19. Ke2 Nd5 20. Nxd5 Bxd5 21. Bxd5 Rxd5 22. Nf3 Rhd8 23. Rad1 Kc7 24. Rxd5 exd5 25. g3 b4 26. Kd3 Kb6 27. Nh4 Bxh4 28. Rxh4 Re8 29. Rg4 g6 30. Rh4 h5 31. Rh1 a5 32. a4 bxa3 33. Ra1 Kb5 34. Rxa3 h4 35. gxh4 Rh8 36. c4+ dxc4+ 37. bxc4+ Ka6 38. Ke4 Rxh4 39. Ra4 g5 40. Kf5 Rxf4+ 41. Kxg5 Rf2 42. Kg4 Rb2 43. Ra3 Rb4 44. Rc3 a4 45. Kg5 Rb3 46. Rc2 Rf3 47. Kg4 Rb3 48. Kg5 Rb6 49. Kf5 Ka5 50. Ke4 a3 51. Rc1 a2 52. Ra1 Rb2 53. Kd5 Kb4 0-1

[Event "Petroupoli ASOP Dias Seniors op"]
[Site "Petroupoli"]
[Date "2013.02.02"]
[Round "3.2"]
[White "Geropapas, Periklis"]
[Black "Diamandis, Phoebus Apollo"]
[Result "1-0"]
[WhiteElo "1842"]
[BlackElo "1583"]
[PlyCount "83"]
[EventDate "2013.01.19"]
[EventType "swiss"]
[EventRounds "7"]
[EventCountry "GRE"]
[SourceTitle "EXT 2024"]
[Source "ChessBase"]
[SourceDate "2023.10.10"]
[SourceVersion "1"]
[SourceVersionDate "2023.10.10"]
[SourceQuality "1"]

1. d4 d5 2. Nf3 Nf6 3. Nbd2 e6 4. e3 Be7 5. a4 0-0 6. Bd3 Nbd7 7. 0-0 c5 8. c3 c4 9. Bc2 b6 10. Re1 Bb7 11. Qe2 Qc7 12. e4 dxe4 13. Nxe4 Nxe4 14. Bxe4 Bxe4 15. Qxe4 Nf6 16. Qe2 Rab8 17. Ne5 Rbc8 18. Bg5 Rfe8 19. Qf3 Rf8 20. Bf4 Bd6 21. Bg3 Nd7 22. h4 f6 23. Nxd7 Qxd7 24. Bxd6 Qxd6 25. Qg4 Rce8 26. h5 Re7 27. Qe4 Rfe8 28. Re2 Qd5 29. Qxd5 exd5 30. Rxe7 Rxe7 31. Kf1 Kf7 32. f3 f5 33. Kf2 f4 34. Rh1 Kf6 35. Rg1 Kg5 36. g4 fxg3+ 37. Rxg3+ Kxh5 38. f4 Kh4 39. Rg5 Rd7 40. Kf3 g6 41. Rg1 Kh5 42. Rh1# 1-0

[Event "Petroupoli op 4th"]
[Site "Petroupoli"]
[Date "2012.05.19"]
[Round "7"]
[White "Geropapas, Periklis"]
[Black "Katopodis, Ioannis"]
[Result "0-1"]
[WhiteElo "1828"]
[BlackElo "1652"]
[PlyCount "80"]
[EventDate "2012.04.28"]
[EventType "swiss"]
[EventRounds "7"]
[EventCountry "GRE"]
[SourceTitle "CBM 148 Extra"]
[Source "ChessBase"]
[SourceDate "2012.06.22"]
[SourceVersion "1"]
[SourceVersionDate "2012.06.22"]
[SourceQuality "1"]

1. d4 d5 2. Nf3 Nf6 3. c4 c6 4. e3 Bf5 5. Nbd2 e6 6. a3 Bd6 7. b4 0-0 8. Be2 Ne4 9. Bb2 Nd7 10. h3 Nxd2 11. Nxd2 Nf6 12. c5 Bc7 13. Bf3 Re8 14. g4 Bg6 15. h4 e5 16. dxe5 Bxe5 17. Bxe5 Rxe5 18. Nb3 Be4 19. g5 Nd7 20. Bxe4 Rxe4 21. Nd4 Ne5 22. Ne2 Nf3+ 23. Kf1 Rxh4 24. Rxh4 Nxh4 25. f4 f6 26. gxf6 Qxf6 27. Nd4 Nf5 28. Nxf5 Qxf5 29. Kf2 Re8 30. Qd2 Re4 31. Rg1 d4 32. Qb2 dxe3+ 33. Ke2 Qh5+ 34. Kd3 Qd5+ 35. Ke2 Qc4+ 36. Ke1 Rd4 37. Qa1 Qc2 38. Rxg7+ Kf8 39. Rg2 Qxg2 40. Qxd4 Qf2+ 0-1

[Event "Petroupoli op 4th"]
[Site "Petroupoli"]
[Date "2012.05.05"]
[Round "3"]
[White "Panagiotakos, Nikolaos"]
[Black "Geropapas, Periklis"]
[Result "1-0"]
[WhiteElo "2152"]
[BlackElo "1828"]
[PlyCount "141"]
[EventDate "2012.04.28"]
[EventType "swiss"]
[EventRounds "7"]
[EventCountry "GRE"]
[SourceTitle "CBM 148 Extra"]
[Source "ChessBase"]
[SourceDate "2012.06.22"]
[SourceVersion "1"]
[SourceVersionDate "2012.06.22"]
[SourceQuality "1"]

1. e4 c5 2. c3 d6 3. d4 cxd4 4. cxd4 Nf6 5. Nc3 Nc6 6. h3 g6 7. Nf3 Bg7 8. Bf4 0-0 9. Qd2 d5 10. e5 Ne4 11. Qe3 Nxc3 12. bxc3 a6 13. Bh6 Be6 14. h4 Bxh6 15. Qxh6 f6 16. h5 Qe8 17. Bd3 Bf5 18. Bxf5 gxf5 19. Nh4 Qf7 20. Rh3 f4 21. Qxf4 fxe5 22. Qg4+ Qg7 23. Qd7 Qf6 24. Qg4+ Qg7 25. Qd7 Qf6 26. Qxd5+ e6 27. Qf3 exd4 28. Qg4+ Qg7 29. Qxe6+ Qf7 30. Qg4+ Qg7 31. Rg3 Rfe8+ 32. Kf1 Qxg4 33. Rxg4+ Kf7 34. cxd4 Rad8 35. Nf3 Kf6 36. Re1 Rxe1+ 37. Kxe1 Nb4 38. Kd2 Nxa2 39. Rf4+ Kg7 40. Ne5 b5 41. h6+ Kg8 42. Nc6 Rd7 43. Rg4+ Kf8 44. Ne5 Re7 45. Rf4+ Kg8 46. Rg4+ Kf8 47. Re4 Re6 48. Nd7+ Ke7 49. Rxe6+ Kxe6 50. Nf8+ Kf7 51. Nxh7 Nb4 52. Ng5+ Kg8 53. Ne6 Nd5 54. g4 a5 55. g5 a4 56. g6 Ne7 57. h7+ Kh8 58. Nf4 b4 59. Kc2 Nf5 60. d5 a3 61. Kb3 Nd4+ 62. Ka2 Nb5 63. Ne2 Nd6 64. Kb3 Ne4 65. Nc1 Nf6 66. d6 Ne4 67. Kxb4 Nxd6 68. Kb3 Nf5 69. Nd3 Nd6 70. Ne5 Nb5 71. Nf7+ 1-0

[Event "Petroupoli op 3rd"]
[Site "Petroupoli"]
[Date "2012.03.24"]
[Round "5"]
[White "Karousos Theodorakis, Nikolaos"]
[Black "Geropapas, Periklis"]
[Result "0-1"]
[WhiteElo "1606"]
[BlackElo "1828"]
[PlyCount "92"]
[EventDate "2012.03.10"]
[EventType "swiss"]
[EventRounds "7"]
[EventCountry "GRE"]
[SourceTitle "CBM 147 Extra"]
[Source "ChessBase"]
[SourceDate "2012.04.24"]
[SourceVersion "1"]
[SourceVersionDate "2012.04.24"]
[SourceQuality "1"]

1. e4 c5 2. Nf3 Nc6 3. d4 cxd4 4. Nxd4 a6 5. c4 e6 6. Nc3 Bb4 7. Nxc6 bxc6 8. Bd2 Ne7 9. a3 Ba5 10. b4 Bc7 11. c5 Ng6 12. g3 0-0 13. f4 f6 14. Qb3 Kh8 15. Bg2 Qe8 16. 0-0 Ne7 17. Rae1 Rb8 18. Qc2 e5 19. f5 Qf7 20. g4 a5 21. Na4 axb4 22. axb4 Ba6 23. Rf3 Bb5 24. Ra3 Nc8 25. Bf1 d5 26. cxd6 Nxd6 27. Nc5 Bb6 28. Kh1 Bxf1 29. Rxf1 Nc4 30. Rc3 Nxd2 31. Qxd2 Rfd8 32. Qc2 Bxc5 33. Rxc5 Rxb4 34. Rxc6 Qb7 35. Rc1 h6 36. Re1 Rbd4 37. Rc7 Qb4 38. Rb1 Qa3 39. Rc3 Qa8 40. Re1 Qa5 41. Rc1 Rd2 42. Qb3 Qa7 43. Rc8 Qf2 44. Rxd8+ Rxd8 45. Qc2 Qf4 46. Qg2 Qxc1+ 0-1

[Event "Petroupoli op 3rd"]
[Site "Petroupoli"]
[Date "2012.03.10"]
[Round "1"]
[White "Giannopoulos, Antonios"]
[Black "Geropapas, Periklis"]
[Result "0-1"]
[WhiteElo "1887"]
[BlackElo "1828"]
[PlyCount "102"]
[EventDate "2012.03.10"]
[EventType "swiss"]
[EventRounds "7"]
[EventCountry "GRE"]
[SourceTitle "CBM 147 Extra"]
[Source "ChessBase"]
[SourceDate "2012.04.24"]
[SourceVersion "1"]
[SourceVersionDate "2012.04.24"]
[SourceQuality "1"]

1. e4 c5 2. Nf3 Nc6 3. d4 cxd4 4. Nxd4 a6 5. Be3 d6 6. Nc3 e5 7. Nf3 Nf6 8. Be2 Be7 9. 0-0 0-0 10. h3 Be6 11. Ng5 d5 12. exd5 Bxd5 13. Bf3 Bxf3 14. Qxf3 Qc7 15. Qf5 Qd7 16. Qf3 h6 17. Nge4 Nxe4 18. Qxe4 Qe6 19. Nd5 Rad8 20. Rfd1 b5 21. a4 f5 22. Nxe7+ Nxe7 23. Qb7 bxa4 24. Bc5 Rxd1+ 25. Rxd1 Re8 26. Rd7 Kf8 27. c4 h5 28. Kh2 h4 29. Qc7 g5 30. Rd5 e4 31. Re5 Qf6 32. Bd6 g4 33. hxg4 fxg4 34. Qc5 Qf4+ 35. g3 hxg3+ 36. fxg3 Qd2+ 37. Kh1 Qc1+ 38. Qg1 Qh6+ 39. Qh2 Qxd6 40. Qh8+ Kf7 41. Qh7+ Kf6 42. Rxe4 Qd1+ 43. Kg2 Qf3+ 44. Kg1 Qxg3+ 45. Kf1 Qh3+ 46. Qxh3 gxh3 47. c5 Rc8 48. Rxa4 Rxc5 49. Rxa6+ Kg5 50. b4 Rc1+ 51. Kf2 h2 0-1

[Event "Fyli op 3rd"]
[Site "Fyli"]
[Date "2011.10.14"]
[Round "5"]
[White "Geropapas, Periklis"]
[Black "Giannopoulos, Antonios"]
[Result "1/2-1/2"]
[WhiteElo "1826"]
[BlackElo "1882"]
[PlyCount "38"]
[EventDate "2011.09.16"]
[EventType "swiss"]
[EventRounds "7"]
[EventCountry "GRE"]
[SourceTitle "EXT 2013"]
[Source "ChessBase"]
[SourceDate "2012.11.22"]
[SourceVersion "1"]
[SourceVersionDate "2012.11.22"]
[SourceQuality "1"]

1. d4 d5 2. c4 e6 3. Nc3 Nf6 4. Bg5 Be7 5. e3 h6 6. Bh4 0-0 7. Nf3 Nbd7 8. c5 c6 9. b4 b6 10. a3 a5 11. Bd3 Bb7 12. 0-0 axb4 13. axb4 Rxa1 14. Qxa1 Qa8 15. Re1 Qxa1 16. Rxa1 Ra8 17. Rxa8+ Bxa8 18. h3 bxc5 19. bxc5 Kf8 1/2-1/2